[Event "Muensterland op 41st"]
[Site "Muenster"]
[Date "2024.10.17"]
[Round "7"]
[White "Tomasjan, Samuel"]
[Black "Weisskopf, Lutz"]
[Result "1/2-1/2"]
[WhiteElo "2109"]
[BlackElo "1990"]
[PlyCount "102"]
[EventDate "2024.10.12"]
[EventType "swiss"]
[EventRounds "9"]
[EventCountry "GER"]
[SourceTitle "CB43_2024"]
[Source "Chessbase"]
[SourceDate "2024.10.23"]
[SourceVersion "1"]
[SourceVersionDate "2024.10.23"]
[SourceQuality "1"]

1. e4 c5 2. c3 b6 3. d4 Bb7 4. d5 Nf6 5. Qc2 e6 6. c4 d6 7. Nc3 Be7 8. Nf3 exd5 9. cxd5 Nbd7 10. Be2 a6 11. 0-0 b5 12. a3 0-0 13. Re1 Re8 14. h3 Qc7 15. Bf4 Bf8 16. Bf1 Rac8 17. Rad1 Qb8 18. Bh2 Qa8 19. Nh4 Rcd8 20. f4 c4 21. g4 Nc5 22. g5 Nfd7 23. Nf3 Nb6 24. f5 Ncd7 25. h4 Ne5 26. Bxe5 dxe5 27. h5 Bc5+ 28. Kh2 f6 29. Qg2 Kh8 30. h6 Bf8 31. hxg7+ Bxg7 32. Ne2 Nxd5 33. exd5 Bxd5 34. Neg1 fxg5 35. Qxg5 Rd6 36. Bh3 Bh6 37. Qg2 Rg8 38. Qe2 Bf4+ 39. Kh1 Rxg1+ 40. Kxg1 Bxf3 41. Rxd6 Bxe2 42. Rxe2 Qf8 43. Rc6 Qe8 44. Bg2 Qh5 45. f6 Bh2+ 46. Kf1 Qf5+ 47. Rf2 Qb1+ 48. Ke2 Qc2+ 49. Ke1 Qc1+ 50. Ke2 Qc2+ 51. Ke1 Qc1+ 1/2-1/2

[Event "Muensterland op 41st"]
[Site "Muenster"]
[Date "2024.10.16"]
[Round "6"]
[White "Riechenberg, Sebastian"]
[Black "Tomasjan, Samuel"]
[Result "1/2-1/2"]
[WhiteElo "1981"]
[BlackElo "2109"]
[PlyCount "54"]
[EventDate "2024.10.12"]
[EventType "swiss"]
[EventRounds "9"]
[EventCountry "GER"]
[SourceTitle "CB43_2024"]
[Source "Chessbase"]
[SourceDate "2024.10.23"]
[SourceVersion "1"]
[SourceVersionDate "2024.10.23"]
[SourceQuality "1"]

1. d4 e6 2. c4 d5 3. Nf3 Nf6 4. Nc3 Be7 5. Bf4 a6 6. c5 b6 7. cxb6 cxb6 8. e3 Nbd7 9. Bd3 0-0 10. 0-0 Bb7 11. Rc1 Rc8 12. a4 Ne4 13. Qe2 f5 14. Ne5 g5 15. Nxd7 Qxd7 16. Be5 Nxc3 17. bxc3 Qxa4 18. Ra1 Qd7 19. Bxa6 Rxc3 20. Qb2 Bxa6 21. Rxa6 Rc6 22. Rxb6 Rxb6 23. Qxb6 Rc8 24. h3 Rc6 25. Qb8+ Rc8 26. Qb6 Rc6 27. Qb8+ Rc8 1/2-1/2

[Event "Muensterland op 41st"]
[Site "Muenster"]
[Date "2024.10.13"]
[Round "2"]
[White "Bogdanov, Egor"]
[Black "Tomasjan, Samuel"]
[Result "1-0"]
[WhiteElo "2476"]
[BlackElo "2109"]
[PlyCount "51"]
[EventDate "2024.10.12"]
[EventType "swiss"]
[EventRounds "9"]
[EventCountry "GER"]
[SourceTitle "CB43_2024"]
[Source "Chessbase"]
[SourceDate "2024.10.23"]
[SourceVersion "1"]
[SourceVersionDate "2024.10.23"]
[SourceQuality "1"]

1. e4 e6 2. d4 d5 3. Nc3 dxe4 4. Nxe4 Nd7 5. Nf3 Ngf6 6. Nxf6+ Nxf6 7. Bd3 Be7 8. 0-0 0-0 9. Ne5 c5 10. dxc5 Bxc5 11. Bg5 h6 12. Bh4 Qd4 13. Bxf6 gxf6 14. Nf3 Qf4 15. Re1 f5 16. g3 Qg4 17. Bf1 Qg7 18. Bg2 Qxb2 19. Ne5 Qd4 20. Qe2 Bd6 21. Nc4 Bc7 22. Rad1 Qc5 23. c3 Rb8 24. Rd4 b5 25. Qh5 Kg7 26. Rg4+ 1-0

[Event "Dortmund Sparkassen op-A 51st"]
[Site "Dortmund"]
[Date "2024.08.16"]
[Round "7"]
[White "Steinmetzer, Thomas"]
[Black "Tomasjan, Samuel"]
[Result "0-1"]
[WhiteElo "2215"]
[BlackElo "2011"]
[PlyCount "58"]
[EventDate "2024.08.10"]
[EventType "swiss"]
[EventRounds "9"]
[EventCountry "GER"]
[SourceTitle "CBM 221 Extra"]
[Source "ChessBase"]
[SourceDate "2024.09.30"]
[SourceVersion "1"]
[SourceVersionDate "2024.09.30"]
[SourceQuality "1"]

1. d4 d5 2. c4 e6 3. Nf3 Nf6 4. g3 Be7 5. Bg2 dxc4 6. 0-0 0-0 7. Qc2 a6 8. a4 Nbd7 9. Nbd2 b6 10. Ne5 Nd5 11. Nc6 Qe8 12. Nxe7+ Qxe7 13. Nxc4 Bb7 14. e4 Nb4 15. Qb3 Rfd8 16. a5 b5 17. Ne3 c5 18. Bd2 Nc6 19. d5 Nd4 20. Qd1 Nf6 21. d6 Qxd6 22. e5 Bxg2 23. f4 Ne2+ 24. Kxg2 Qxd2 25. Qxd2 Rxd2 26. exf6 Nxf4+ 27. Kf3 Nd5 28. fxg7 Nxe3 29. Kxe3 Rad8 0-1

[Event "Dortmund Sparkassen op-A 51st"]
[Site "Dortmund"]
[Date "2024.08.15"]
[Round "6"]
[White "Tomasjan, Samuel"]
[Black "Giacomini, Hector"]
[Result "1-0"]
[WhiteElo "2011"]
[BlackElo "2125"]
[PlyCount "49"]
[EventDate "2024.08.10"]
[EventType "swiss"]
[EventRounds "9"]
[EventCountry "GER"]
[SourceTitle "CBM 221 Extra"]
[Source "ChessBase"]
[SourceDate "2024.09.30"]
[SourceVersion "1"]
[SourceVersionDate "2024.09.30"]
[SourceQuality "1"]

1. e4 c6 2. d4 d5 3. exd5 cxd5 4. c4 Nf6 5. Nc3 Nc6 6. Bg5 e6 7. cxd5 exd5 8. Nf3 Be7 9. h3 0-0 10. Bd3 Be6 11. 0-0 Re8 12. a3 Rc8 13. Bc2 a6 14. Re1 Na5 15. Ne5 Nc4 16. Nxc4 dxc4 17. Qd2 Qd7 18. Re5 Nd5 19. Nxd5 Bxd5 20. Bxe7 Rxe7 21. Bf5 Be6 22. Rae1 Ree8 23. Qe3 Kf8 24. Bxh7 Rcd8 25. d5 1-0

[Event "GER-chT U16"]
[Site "Magdeburg"]
[Date "2023.12.28"]
[Round "3.1"]
[White "Tomasjan, Samuel"]
[Black "Tietz, Bennit"]
[Result "1-0"]
[WhiteElo "1955"]
[BlackElo "1793"]
[PlyCount "131"]
[EventDate "2023.12.26"]
[EventType "team-swiss"]
[EventRounds "7"]
[EventCountry "GER"]
[SourceTitle "CBM 218 Extra"]
[Source "ChessBase"]
[SourceDate "2024.03.31"]
[SourceVersion "1"]
[SourceVersionDate "2024.03.31"]
[SourceQuality "1"]
[WhiteTeam "Brackel"]
[BlackTeam "Hamburger SK"]
[WhiteTeamCountry "GER"]
[BlackTeamCountry "GER"]

1. e4 d5 2. exd5 Qxd5 3. Nc3 Qd6 4. Nf3 Nf6 5. d4 a6 6. a4 Bg4 7. Be2 Nc6 8. Be3 Bxf3 9. Bxf3 0-0-0 10. Ne2 e5 11. Bxc6 Qxc6 12. 0-0 exd4 13. Nxd4 Qe4 14. Qd3 Qxd3 15. cxd3 Nd5 16. Rac1 Be7 17. Nf5 Bf6 18. d4 Rhe8 19. Rfe1 g6 20. Ng3 Bg7 21. Nf1 Rd6 22. Rcd1 Nxe3 23. fxe3 Rb6 24. Rd2 Rb4 25. Rc1 f5 26. Rdc2 Re7 27. d5 Be5 28. Nd2 Rxb2 29. Nc4 Rxc2 30. Rxc2 Kd7 31. a5 g5 32. Rc1 f4 33. exf4 Bd4+ 34. Kf1 gxf4 35. Rb1 Kc8 36. Rc1 Kb8 37. Rd1 Bc5 38. Rd3 Re4 39. Nd2 Ra4 40. Nb3 Bd6 41. Ke2 Rb4 42. Kf3 h5 43. Nd4 Ra4 44. Ne6 Kc8 45. Ng7 h4 46. Nf5 Rxa5 47. Nxh4 Ra3 48. Ke4 Rxd3 49. Kxd3 Kd7 50. Nf5 f3 51. g3 f2 52. Ke2 Bc5 53. h4 Ke8 54. h5 Kf7 55. g4 a5 56. g5 a4 57. g6+ Kg8 58. h6 a3 59. h7+ Kh8 60. Nh6 Kg7 61. Nf7 a2 62. h8Q+ Kxg6 63. Ne5+ Kf5 64. Nd3 Be7 65. Qe5+ Kg6 66. Qb2 1-0

[Event "GER-chT U16"]
[Site "Magdeburg"]
[Date "2023.12.27"]
[Round "1.2"]
[White "Tomasjan, Samuel"]
[Black "Aravindan, Midhulan"]
[Result "1-0"]
[WhiteElo "1955"]
[BlackElo "1704"]
[PlyCount "105"]
[EventDate "2023.12.26"]
[EventType "team-swiss"]
[EventRounds "7"]
[EventCountry "GER"]
[SourceTitle "CBM 218 Extra"]
[Source "ChessBase"]
[SourceDate "2024.03.31"]
[SourceVersion "1"]
[SourceVersionDate "2024.03.31"]
[SourceQuality "1"]
[WhiteTeam "Brackel"]
[BlackTeam "Porz SG"]
[WhiteTeamCountry "GER"]
[BlackTeamCountry "GER"]

1. e4 e6 2. d4 d5 3. Nd2 Nc6 4. Ngf3 Nf6 5. e5 Nd7 6. Nb3 Be7 7. c3 f6 8. exf6 Bxf6 9. Bb5 a5 10. a4 0-0 11. Bf4 Re8 12. 0-0 e5 13. dxe5 Ndxe5 14. h3 Qd6 15. Re1 Bd7 16. Nxe5 Bxe5 17. Bxe5 Nxe5 18. Bxd7 Qxd7 19. Qd4 Qd6 20. Rad1 c6 21. Re3 Nc4 22. Rg3 Qh6 23. Nc5 Re7 24. b3 Nd6 25. Rf3 Rae8 26. Nd3 Ne4 27. c4 Nd2 28. Rg3 Nxb3 29. Qc3 dxc4 30. Qxc4+ Qe6 31. Qc3 c5 32. Nf4 Qf7 33. Qxb3 c4 34. Qf3 Re1+ 35. Rxe1 Rxe1+ 36. Kh2 Ra1 37. Qc3 Rxa4 38. Nh5 g6 39. Nf6+ Kf8 40. Ng4 Qf4 41. Qh8+ Ke7 42. Qxh7+ Kd6 43. Qxb7 Kc5 44. Qa7+ Kb5 45. Qd7+ Kb4 46. Qc6 Ra3 47. Qb6+ Ka4 48. Qc6+ Kb4 49. Nf6 Rd3 50. Nd5+ Rxd5 51. Qxd5 c3 52. Qb7+ Ka3 53. Qc6 1-0

[Event "GER-chT U16"]
[Site "Darmstadt"]
[Date "2022.12.30"]
[Round "7"]
[White "Tomasjan, Samuel"]
[Black "Kort, Felix"]
[Result "1/2-1/2"]
[WhiteElo "1796"]
[BlackElo "1932"]
[PlyCount "78"]
[EventDate "2022.12.26"]
[EventType "team-swiss"]
[EventRounds "7"]
[EventCountry "GER"]
[SourceTitle "CBM 212 Extra"]
[Source "ChessBase"]
[SourceDate "2023.03.31"]
[SourceVersion "1"]
[SourceVersionDate "2023.03.31"]
[SourceQuality "1"]
[WhiteTeam "Brackel"]
[BlackTeam "Hamburger SK"]
[WhiteTeamCountry "GER"]
[BlackTeamCountry "GER"]

1. e4 e5 2. Nf3 Nc6 3. Bc4 Bc5 4. Nc3 Nf6 5. d3 h6 6. Be3 Bxe3 7. fxe3 d6 8. 0-0 0-0 9. Qe1 Na5 10. Bb3 Nxb3 11. axb3 c6 12. Rd1 Qe7 13. Nh4 d5 14. exd5 Nxd5 15. Qg3 Qg5 16. Nxd5 cxd5 17. Qf2 Bg4 18. Rd2 Rac8 19. c4 d4 20. exd4 exd4 21. h3 Bxh3 22. Nf3 Qg6 23. Qxd4 Rcd8 24. Qf2 a6 25. d4 Bg4 26. Ne5 Qh5 27. Qf4 Bc8 28. d5 f6 29. Nf3 Rfe8 30. Rfd1 Bg4 31. Rd3 Bxf3 32. Rxf3 Qe5 33. Qd2 Kf7 34. Rff1 Qe3+ 35. Qxe3 Rxe3 36. Rf3 Re2 37. Rf2 Re3 38. Rf3 Re2 39. Rf2 Re3 1/2-1/2

[Event "GER-chT U16"]
[Site "Darmstadt"]
[Date "2022.12.29"]
[Round "5"]
[White "Tomasjan, Samuel"]
[Black "Chugunov, Ivan"]
[Result "1-0"]
[WhiteElo "1796"]
[BlackElo "1624"]
[PlyCount "125"]
[EventDate "2022.12.26"]
[EventType "team-swiss"]
[EventRounds "7"]
[EventCountry "GER"]
[SourceTitle "CBM 212 Extra"]
[Source "ChessBase"]
[SourceDate "2023.03.31"]
[SourceVersion "1"]
[SourceVersionDate "2023.03.31"]
[SourceQuality "1"]
[WhiteTeam "Brackel"]
[BlackTeam "Ostfildern"]
[WhiteTeamCountry "GER"]
[BlackTeamCountry "GER"]

1. e4 c6 2. d4 d5 3. exd5 cxd5 4. c4 Nf6 5. Nc3 Nc6 6. Bg5 e6 7. Nf3 Be7 8. Be2 dxc4 9. Bxc4 0-0 10. 0-0 a6 11. Rc1 Nd5 12. Bxe7 Ncxe7 13. Qe2 b5 14. Bb3 Bb7 15. Ne4 Qb6 16. Nc5 Rac8 17. Nd7 Qd6 18. Nxf8 Rxf8 19. Qe5 Qb6 20. Rfd1 Rd8 21. Nd2 Nc6 22. Qe1 Nxd4 23. Bxd5 Rxd5 24. Qe3 Qd8 25. Nb3 Nf5 26. Qe2 h6 27. Nc5 Qa8 28. Nxe6 Qe8 29. Rxd5 Bxd5 30. Nf4 Qxe2 31. Nxe2 Bxa2 32. Ra1 Bc4 33. Ng3 Nxg3 34. hxg3 b4 35. Ra4 a5 36. Rxa5 Be6 37. f4 f6 38. f5 Bf7 39. Ra8+ Kh7 40. Ra7 Bg8 41. g4 Bd5 42. Rd7 Bg8 43. Kf2 b3 44. Ke3 Kh8 45. Kd4 Kh7 46. Kc3 Kh8 47. Rb7 Kh7 48. Rxb3 Bxb3 49. Kxb3 h5 50. Kc4 hxg4 51. b4 Kh6 52. b5 Kg5 53. b6 Kf4 54. b7 Kg3 55. b8Q+ Kxg2 56. Qb7+ Kh2 57. Qxg7 g3 58. Qxf6 g2 59. Qh4+ Kg1 60. f6 Kf1 61. Qh3 Kf2 62. Qxg2+ Kxg2 63. f7 1-0

[Event "GER-chT U14"]
[Site "Willingen"]
[Date "2022.08.13"]
[Round "1.4"]
[White "Fock, Madiha"]
[Black "Tomasjan, Samuel"]
[Result "0-1"]
[WhiteElo "1472"]
[BlackElo "1753"]
[PlyCount "60"]
[EventDate "2022.08.13"]
[EventType "team-swiss"]
[EventRounds "7"]
[EventCountry "GER"]
[SourceTitle "EXT 2023"]
[Source "ChessBase"]
[SourceDate "2022.10.05"]
[SourceVersion "1"]
[SourceVersionDate "2022.10.05"]
[SourceQuality "1"]
[WhiteTeam "Oberschoeneweide"]
[BlackTeam "Brackel"]
[WhiteTeamCountry "GER"]
[BlackTeamCountry "GER"]

1. e4 e5 2. Nf3 Nc6 3. d4 exd4 4. Nxd4 Bc5 5. Be3 Qf6 6. c3 Nge7 7. Bc4 Bb6 8. 0-0 0-0 9. f4 d6 10. Be2 Re8 11. Qd3 Nxd4 12. cxd4 Nc6 13. e5 Bf5 14. Qd2 Qg6 15. Bf3 dxe5 16. dxe5 Rad8 17. Qf2 Nd4 18. Nd2 Nc2 19. Bxb6 Qxb6 20. Rad1 Ne3 21. Nb3 Nxd1 22. Rxd1 Qxf2+ 23. Kxf2 Bc2 24. Rxd8 Rxd8 25. Na5 Bb1 26. a3 Rd2+ 27. Kg3 Rxb2 28. Bxb7 Ra2 29. Nc4 Bd3 30. Bd5 c6 0-1

[Event "GER-chT U14"]
[Site "Willingen"]
[Date "2021.06.26"]
[Round "6.6"]
[White "Bergeret Busse, Julian"]
[Black "Tomasjan, Samuel"]
[Result "1-0"]
[WhiteElo "1466"]
[BlackElo "1775"]
[PlyCount "113"]
[EventDate "2021.06.23"]
[EventType "team-swiss"]
[EventRounds "7"]
[EventCountry "GER"]
[SourceTitle "EXT 2022"]
[Source "ChessBase"]
[SourceDate "2021.10.06"]
[SourceVersion "1"]
[SourceVersionDate "2021.10.06"]
[SourceQuality "1"]
[WhiteTeam "Muenster 32"]
[BlackTeam "Brackel"]
[WhiteTeamCountry "GER"]
[BlackTeamCountry "GER"]

1. e4 e6 2. d4 d5 3. exd5 exd5 4. Nf3 Nf6 5. Bd3 Bd6 6. 0-0 0-0 7. Bg5 h6 8. Bh4 Be6 9. Nbd2 Nbd7 10. c3 c6 11. Bg3 Qc7 12. Re1 Bxg3 13. hxg3 Bg4 14. Qc2 Rfe8 15. b3 Rac8 16. Rac1 c5 17. c4 Rxe1+ 18. Rxe1 Qd6 19. cxd5 Nxd5 20. Ne4 Qf8 21. dxc5 Nb4 22. Qd2 Nxd3 23. Qxd3 Nxc5 24. Qc4 Be6 25. Qb4 Nd3 26. Qxf8+ Kxf8 27. Rd1 Rc1 28. Rxc1 Nxc1 29. Nc3 a6 30. Nd4 Ke7 31. f3 b5 32. Nde2 Nxe2+ 33. Nxe2 Kd6 34. g4 Kc5 35. Kf2 Kb4 36. Ke3 Ka3 37. Kd4 Kxa2 38. b4 Bc4 39. Ng3 g6 40. f4 Kb3 41. Kc5 Bd3 42. f5 Kc3 43. f6 Kd2 44. Kd6 Ke1 45. Ke7 Bc4 46. Ne4 Kf1 47. Nd6 Kxg2 48. Nxf7 h5 49. gxh5 gxh5 50. Ng5 Kf2 51. Ne6 h4 52. f7 h3 53. f8Q+ Kg1 54. Nf4 h2 55. Qg7+ Kf1 56. Qg2+ Ke1 57. Qxh2 1-0

[Event "GER-ch U12"]
[Site "Willingen"]
[Date "2019.06.14"]
[Round "8"]
[White "Tomasjan, Samuel"]
[Black "Breitkopf Lazar, Patrick Robert"]
[Result "0-1"]
[WhiteElo "1476"]
[BlackElo "1659"]
[PlyCount "82"]
[EventDate "2019.06.08"]
[EventType "swiss"]
[EventRounds "9"]
[EventCountry "GER"]
[SourceTitle "CBM 191 Extra"]
[Source "ChessBase"]
[SourceDate "2019.09.30"]
[SourceVersion "1"]
[SourceVersionDate "2019.09.30"]
[SourceQuality "1"]

1. e4 e5 2. Nf3 Nc6 3. Bc4 Nf6 4. Ng5 d5 5. exd5 Na5 6. Bb5+ c6 7. dxc6 bxc6 8. Qf3 Be7 9. Bd3 h6 10. Ne4 Nd5 11. Ng3 0-0 12. 0-0 Nb4 13. a3 Nxd3 14. cxd3 Nb3 15. Ra2 Be6 16. Nc3 Nxc1 17. Rxc1 Bxa2 18. Nxa2 Qd5 19. Qxd5 cxd5 20. Kf1 Rac8 21. Nf5 Rxc1+ 22. Nxc1 Bf6 23. Ne3 e4 24. dxe4 dxe4 25. Nc4 Rc8 26. b3 a5 27. a4 Be7 28. Na2 Bb4 29. Nxb4 axb4 30. Ke2 Kf8 31. f3 exf3+ 32. gxf3 Ke7 33. d4 f5 34. Kd3 g5 35. d5 h5 36. d6+ Ke6 37. Ke3 Rxc4 38. bxc4 Kxd6 39. Kd4 g4 40. f4 h4 41. c5+ Kc6 0-1

[Event "GER-ch U12"]
[Site "Willingen"]
[Date "2019.06.13"]
[Round "7"]
[White "Bungarten, Jona"]
[Black "Tomasjan, Samuel"]
[Result "1/2-1/2"]
[WhiteElo "1642"]
[BlackElo "1476"]
[PlyCount "43"]
[EventDate "2019.06.08"]
[EventType "swiss"]
[EventRounds "9"]
[EventCountry "GER"]
[SourceTitle "CBM 191 Extra"]
[Source "ChessBase"]
[SourceDate "2019.09.30"]
[SourceVersion "1"]
[SourceVersionDate "2019.09.30"]
[SourceQuality "1"]

1. e4 e6 2. d4 d5 3. Nd2 dxe4 4. Nxe4 Nd7 5. Nf3 Ngf6 6. Nxf6+ Nxf6 7. Bg5 Be7 8. Bd3 Nd7 9. Bxe7 Qxe7 10. Qe2 0-0 11. 0-0-0 c5 12. h4 cxd4 13. Bxh7+ Kxh7 14. Ng5+ Kg8 15. Rxd4 Nf6 16. h5 Bd7 17. h6 gxh6 18. Qe5 h5 19. Qg3 Kh8 20. Qe5 Kg8 21. Qg3 Kh8 22. Qe5 1/2-1/2

[Event "GER-ch U12"]
[Site "Willingen"]
[Date "2019.06.11"]
[Round "4"]
[White "Guo, Philipp Ziming"]
[Black "Tomasjan, Samuel"]
[Result "0-1"]
[WhiteElo "1674"]
[BlackElo "1476"]
[PlyCount "54"]
[EventDate "2019.06.08"]
[EventType "swiss"]
[EventRounds "9"]
[EventCountry "GER"]
[SourceTitle "CBM 191 Extra"]
[Source "ChessBase"]
[SourceDate "2019.09.30"]
[SourceVersion "1"]
[SourceVersionDate "2019.09.30"]
[SourceQuality "1"]

1. e4 e6 2. d4 d5 3. exd5 exd5 4. Bd3 Bd6 5. Ne2 Nf6 6. 0-0 c6 7. c3 Qc7 8. h3 Be6 9. Be3 Nbd7 10. Qd2 Rg8 11. Bf4 g5 12. Bxd6 Qxd6 13. Ng3 h5 14. Nf5 Bxf5 15. Bxf5 0-0-0 16. Na3 h4 17. f3 Nh5 18. Rfe1 Ng3 19. Qd3 Kb8 20. Nc2 Nf6 21. Re5 Nfh5 22. Ne3 Nf4 23. Qc2 f6 24. Bh7 fxe5 25. Bxg8 Rxg8 26. Ng4 exd4 27. cxd4 Nfe2+ 0-1

[Event "GER-ch U12"]
[Site "Willingen"]
[Date "2019.06.10"]
[Round "3"]
[White "Tomasjan, Samuel"]
[Black "Bakiev, Diyor"]
[Result "0-1"]
[WhiteElo "1476"]
[BlackElo "2123"]
[PlyCount "79"]
[EventDate "2019.06.08"]
[EventType "swiss"]
[EventRounds "9"]
[EventCountry "GER"]
[SourceTitle "CBM 191 Extra"]
[Source "ChessBase"]
[SourceDate "2019.09.30"]
[SourceVersion "1"]
[SourceVersionDate "2019.09.30"]
[SourceQuality "1"]

1. e4 g6 2. d4 Bg7 3. Nf3 c6 4. Be3 d5 5. exd5 cxd5 6. c4 Nf6 7. Nc3 0-0 8. Qd2 Nc6 9. cxd5 Nxd5 10. Bh6 Bf5 11. Bxg7 Kxg7 12. a3 Na5 13. Qd1 Rc8 14. Bd3 Nxc3 15. bxc3 Bg4 16. Rc1 Qd5 17. Be2 Nc4 18. Qb3 e5 19. 0-0 Bxf3 20. Bxf3 e4 21. Be2 f5 22. f3 e3 23. f4 Qf7 24. Rfe1 Nd2 25. Qxf7+ Rxf7 26. Bd1 Re7 27. Re2 Kf6 28. Bc2 Rxc3 29. Rce1 Rxc2 30. Rxe3 Rxe3 31. Rxe3 Ne4 32. g4 Rd2 33. g5+ Kf7 34. Rb3 b6 35. Rb4 Nd6 36. a4 Ke6 37. h4 b5 38. a5 Kd5 39. a6 Rxd4 40. Rb1 0-1

[Event "GER-ch U12"]
[Site "Willingen"]
[Date "2019.06.09"]
[Round "2"]
[White "Rempe, Jonas"]
[Black "Tomasjan, Samuel"]
[Result "0-1"]
[WhiteElo "1781"]
[BlackElo "1476"]
[PlyCount "84"]
[EventDate "2019.06.08"]
[EventType "swiss"]
[EventRounds "9"]
[EventCountry "GER"]
[SourceTitle "CBM 191 Extra"]
[Source "ChessBase"]
[SourceDate "2019.09.30"]
[SourceVersion "1"]
[SourceVersionDate "2019.09.30"]
[SourceQuality "1"]

1. e4 e6 2. d4 d5 3. exd5 exd5 4. Nf3 Nf6 5. Bd3 Bd6 6. 0-0 0-0 7. h3 Be6 8. Bg5 Nbd7 9. c3 c6 10. Qc2 h6 11. Bh4 Qc7 12. Bxf6 Nxf6 13. Nbd2 Qd7 14. Rae1 Nh5 15. Ne5 Bxe5 16. Rxe5 Nf4 17. Re3 Rae8 18. Rfe1 f5 19. Nf3 Ng6 20. Ne5 Nxe5 21. Rxe5 f4 22. Kh2 f3 23. g3 Bxh3 24. Rxe8 Rxe8 25. Bf5 Bxf5 26. Rxe8+ Qxe8 27. Qxf5 Qf7 28. Qe5 Qg6 29. Qb8+ Kh7 30. Qc8 Qc2 31. Kg1 Qd1+ 32. Kh2 Qd3 33. Kg1 h5 34. Qe6 Qe4 35. Qf7 Qe1+ 36. Kh2 Qxf2+ 37. Kh3 Qg2+ 38. Kh4 Qh2+ 39. Kg5 Qxg3+ 40. Kxh5 f2 41. b4 Qh3+ 42. Kg5 Qh6+ 0-1

[Event "GER-chT U12"]
[Site "Magdeburg"]
[Date "2018.12.27"]
[Round "2.2"]
[White "Tomasjan, Samuel"]
[Black "Hoerhager Celjo, Dino"]
[Result "1-0"]
[WhiteElo "1435"]
[BlackElo "1307"]
[PlyCount "153"]
[EventDate "2018.12.27"]
[EventType "team-swiss"]
[EventRounds "7"]
[EventCountry "GER"]
[SourceTitle "CBM 188 Extra"]
[Source "ChessBase"]
[SourceDate "2019.02.28"]
[SourceVersion "1"]
[SourceVersionDate "2019.02.28"]
[SourceQuality "1"]
[WhiteTeam "Brackel"]
[BlackTeam "Duesseldorf SV"]
[WhiteTeamCountry "GER"]
[BlackTeamCountry "GER"]

1. e4 e6 2. d4 d5 3. exd5 exd5 4. Bd3 Nc6 5. Nf3 Bg4 6. Be3 Nf6 7. 0-0 Bd6 8. c3 h6 9. Nbd2 0-0 10. Qc2 Re8 11. Rfe1 Rc8 12. Qb3 Rb8 13. c4 Be6 14. c5 Bf8 15. Bb5 Bd7 16. Bf4 Na5 17. Qa4 Bxb5 18. Qxa5 c6 19. Qxa7 Ra8 20. Qxb7 Re7 21. Rxe7 Bxe7 22. Re1 Bf8 23. a3 Qa5 24. Ne5 Ra7 25. Qc8 Ne4 26. Nef3 Ra8 27. Qc7 Qa4 28. Nxe4 dxe4 29. Rxe4 Qc2 30. Re1 Qxb2 31. Bc1 Qc3 32. Qf4 Ra4 33. Qd2 Qxd2 34. Bxd2 Rxa3 35. h3 f6 36. Rb1 Rd3 37. Be3 Kf7 38. Nd2 Ke6 39. Ra1 Ke7 40. Ne4 f5 41. Nd6 Ke6 42. Nxb5 cxb5 43. Rb1 f4 44. Bxf4 Rxd4 45. Be3 Rd5 46. Rxb5 Bd6 47. g3 Kd7 48. Rb7+ Bc7 49. Ra7 Kc6 50. f4 Rd3 51. Kf2 Rd8 52. Ra6+ Kd5 53. Rg6 Rd7 54. c6 Rf7 55. Kf3 Bd8 56. Bd4 Kxd4 57. Rd6+ Kc5 58. Rxd8 Kxc6 59. Ke4 g6 60. Ke5 Re7+ 61. Kf6 Re3 62. Kxg6 Rxg3+ 63. Kxh6 Rxh3+ 64. Kg6 Re3 65. f5 Kc7 66. Rd4 Rg3+ 67. Kf7 Rf3 68. f6 Kc8 69. Ke7 Re3+ 70. Kf8 Rf3 71. f7 Kc7 72. Ke7 Re3+ 73. Kf6 Rf3+ 74. Ke6 Kc8 75. Rd5 Kc7 76. Rf5 Re3+ 77. Kf6 1-0

[Event "Niedersachsen-ch op-D"]
[Site "Verden"]
[Date "2017.01.05"]
[Round "2"]
[White "Bilek, Thomas2"]
[Black "Tomasjan, Samuel"]
[Result "0-1"]
[WhiteElo "1308"]
[BlackElo "808"]
[PlyCount "144"]
[EventDate "2017.01.05"]
[EventType "swiss"]
[EventRounds "7"]
[EventCountry "GER"]
[SourceTitle "CBM 187 Extra"]
[Source "ChessBase"]
[SourceDate "2018.11.04"]
[SourceVersion "1"]
[SourceVersionDate "2018.11.04"]
[SourceQuality "1"]

1. d4 d5 2. Nc3 Bf5 3. Bf4 Qd7 4. Qd2 e6 5. f3 Nf6 6. 0-0-0 a6 7. h4 h5 8. e3 Nc6 9. Bd3 Bxd3 10. Qxd3 Nb4 11. Qe2 Nc6 12. g4 hxg4 13. fxg4 Bb4 14. Nb1 Ne4 15. Nd2 Bxd2+ 16. Rxd2 Nxd2 17. Qxd2 Qe7 18. Ne2 Rxh4 19. Rg1 g5 20. Be5 Nxe5 21. dxe5 f6 22. exf6 Qxf6 23. Qb4 b6 24. Ng3 Qf2 25. Rf1 Rh1 26. Rxh1 Qxe3+ 27. Qd2 Qe5 28. Qe1 Qf4+ 29. Kb1 Kd7 30. Rh7+ Kd6 31. Rh6 Qxg4 32. a3 Rf8 33. Qb4+ Qxb4 34. axb4 Rf3 35. Ne2 g4 36. Rg6 Re3 37. Nf4 g3 38. Kc1 Re4 39. Nh5 Rxb4 40. Nxg3 Ke5 41. Rg7 c5 42. Ne2 a5 43. Rg3 c4 44. Re3+ Kd6 45. Nd4 e5 46. Ne2 d4 47. Ra3 Kd5 48. Ra2 Ke4 49. Kd2 Kf3 50. Ng1+ Kg2 51. Ne2 Kf2 52. Kd1 Rb5 53. Kd2 Rd5 54. Kd1 Ke3 55. Ra3+ d3 56. cxd3 cxd3 57. Nc3 Rc5 58. Na4 Rb5 59. Ra1 Rb4 60. Ra2 Kd4 61. Kd2 e4 62. Nc3 e3+ 63. Ke1 Rc4 64. Ra1 Ke5 65. Rd1 Rd4 66. Nb5 Rd7 67. Na3 Kf4 68. Nc4 b5 69. Nxa5 Kf3 70. Nb3 b4 71. Nc5 d2+ 72. Kf1 e2+ 0-1

[Event "Niedersachsen-ch op-D"]
[Site "Verden"]
[Date "2017.01.05"]
[Round "1"]
[White "Tomasjan, Samuel"]
[Black "Sobirey, Niklas"]
[Result "1-0"]
[WhiteElo "808"]
[BlackElo "1211"]
[PlyCount "103"]
[EventDate "2017.01.05"]
[EventType "swiss"]
[EventRounds "7"]
[EventCountry "GER"]
[SourceTitle "CBM 187 Extra"]
[Source "ChessBase"]
[SourceDate "2018.11.04"]
[SourceVersion "1"]
[SourceVersionDate "2018.11.04"]
[SourceQuality "1"]

1. e4 e6 2. Nf3 d5 3. exd5 exd5 4. Nc3 Nf6 5. d4 Bb4 6. Bd2 Nc6 7. Bb5 Bg4 8. h3 Bxf3 9. Qxf3 0-0 10. Bxc6 bxc6 11. Bg5 h6 12. Bxf6 Qxf6 13. Qxf6 gxf6 14. g4 c5 15. dxc5 d4 16. a3 dxc3 17. axb4 cxb2 18. Rb1 Rfe8+ 19. Kf1 a5 20. c3 a4 21. Rxb2 a3 22. Ra2 Red8 23. Kg2 Rd3 24. Rc1 Ra4 25. f3 Kg7 26. Kg3 Kg6 27. h4 f5 28. c6 fxg4 29. Kxg4 f5+ 30. Kg3 Rd5 31. Rca1 Rd6 32. b5 Rd5 33. Rxa3 Rxa3 34. Rxa3 Rxb5 35. Ra7 Rc5 36. Rxc7 Rxc3 37. Rc8 Kf7 38. Kf4 Rc5 39. Ke3 Ke7 40. Kd4 Rc1 41. Kd5 Rc3 42. Rh8 Rxf3 43. c7 Rf1 44. c8Q Rd1+ 45. Ke5 Re1+ 46. Kxf5 Rf1+ 47. Kg6 Rf6+ 48. Kh5 Rb6 49. Rh7+ Kf6 50. Rxh6+ Ke5 51. Rxb6 Kd4 52. Re6 1-0